Skład Bayernu Monachium 2022/23 - Statystyki

Ogólne statystyki
  • Ten quiz został rozwiązany 176 razy
    131 od ostatniego zresetowania
  • Średni wynik to 15 z 28
Statystyki odpowiedzi
Hint Odpowiedź % Poprawnych
1 Manuel Neuer
99%
6 Joshua Kimmich
86%
10 Leroy Sané
86%
7 Serge Gnabry
86%
25 Thomas Müller
86%
8 Leon Goretzka
81%
19 Alphonso Davies
80%
2 Dayot Upamecano
76%
11 Kingsley Coman
76%
42 Jamal Musiala
74%
4 Matthijs de Ligt
72%
5 Benjamin Pavard
68%
17 Sadio Mané
68%
13 Eric Maxim Choupo-Moting
58%
26 Sven Ulreich
57%
21 Lucas Hernández
54%
39 Mathys Tel
42%
40 Noussair Mazraoui
42%
44 Josip Stanisic
38%
38 Ryan Gravenberch
36%
20 Bouna Sarr
31%
18 Marcel Sabitzer
30%
23 Daley Blind
26%
14 Paul Wanner
26%
35 Johannes Schenk
24%
27 Yann Sommer
13%
22 João Cancelo
9%
23 Daley Blind
5%
Nie znaleziono quizów pasujących do podanych kryteriów
Rozkład punktacji
Procent ludzi z każdym wynikiem
Percentyl według liczby udzielonych odpowiedzi
Twoja historia wyników
Nie rozwiązałeś tego quizu od ostatniego zresetowania